[Event "Bayern-chTT (RL Nord-West)"]
[Site "Bayern 2008/09"]
[Date "2009.03.29"]
[Round "9.8"]
[White "Artamonow, Sergej"]
[Black "Link, Klaus"]
[Result "1/2-1/2"]
[WhiteElo "1861"]
[BlackElo "1935"]
[PlyCount "108"]
[EventDate "2009.03.??"]
[EventType "team-tourn"]
[EventRounds "9"]
[WhiteTeam "Hof 1"]
[BlackTeam "Klingenberg 1"]

1. d4 Nf6 2. Nf3 e6 3. Bg5 d5 4. e3 Be7 5. Bd3 h6 6. Bh4 b6 7. Nbd2 O-O 8. Ne5
Nfd7 9. Bg3 Nxe5 10. dxe5 c5 11. c3 Ba6 12. Bc2 f5 13. exf6 Bxf6 14. Qh5 Qe8
15. Bg6 Qe7 16. Nf3 Nd7 17. Ne5 Nxe5 18. Bxe5 Bxe5 19. Qxe5 Qf6 20. Qxf6 Rxf6
21. Bc2 Raf8 22. f3 g5 23. Kf2 e5 24. Bb3 c4 25. Bd1 d4 26. exd4 exd4 27. cxd4
Rf4 28. Be2 Rxd4 29. Rad1 Rdf4 30. Rd7 R8f7 31. Rhd1 Kg7 32. h3 Rxd7 33. Rxd7+
Rf7 34. Rd4 Rc7 35. Bd1 Bc8 36. Ke3 Bf5 37. Kd2 Kf6 38. h4 Ke5 39. Kc3 b5 40.
a3 a5 41. Rd8 gxh4 42. Re8+ Kf6 43. Ra8 Rg7 44. Ra6+ Be6 45. Rxa5 Rxg2 46. Rxb5
h3 47. Rh5 Kg6 48. f4 h2 49. Rh4 Rg3+ 50. Kd2 Bh3 51. Bc2+ Kg7 52. Be4 Rb3 53.
a4 Rxb2+ 54. Kc1 Re2 1/2-1/2

[Event "Bayern-chTT (RL Nord-West)"]
[Site "Bayern 2008/09"]
[Date "2009.03.29"]
[Round "9.1"]
[White "Braeutigam, Thomas"]
[Black "Helbig, Uwe"]
[Result "0-1"]
[WhiteElo "2036"]
[BlackElo "2224"]
[PlyCount "114"]
[EventDate "2009.03.??"]
[EventType "team-tourn"]
[EventRounds "9"]
[WhiteTeam "Würzburg 2"]
[BlackTeam "Bindlach 2"]

1. d4 d6 2. e4 Nf6 3. Nc3 g6 4. Be2 Bg7 5. Nf3 O-O 6. O-O c6 7. h3 Qc7 8. Be3
Nbd7 9. Qd2 b5 10. a3 Bb7 11. Bh6 e5 12. Bxg7 Kxg7 13. Rad1 a6 14. Nh2 Rfe8 15.
dxe5 dxe5 16. Ng4 Rad8 17. Qh6+ Kh8 18. Rd3 Ng8 19. Qe3 h5 20. Nh2 Nf8 21. Rfd1
Rxd3 22. Qxd3 Ne6 23. Qd7 Rd8 24. Qxc7 Rxd1+ 25. Bxd1 Nxc7 26. Nf3 f6 27. Nd2
Ne7 28. Nb3 Ne6 29. Na5 Ba8 30. f3 Kg7 31. Kf2 Kf7 32. Ne2 c5 33. c3 c4 34. b4
g5 35. g3 Ng6 36. Ng1 g4 37. hxg4 hxg4 38. Ke3 Ng5 39. Bc2 gxf3 40. Nxf3 Nxf3
41. Kxf3 Nf8 42. Ke3 Ne6 43. Bd1 Ng5 44. Bg4 Nxe4 45. Bc8 Nxc3 46. Bxa6 Nd5+
47. Kd2 Nc7 48. Bc8 Ke7 49. Bh3 Bd5 50. Bf1 Kd6 51. a4 bxa4 52. Nxc4+ Bxc4 53.
Bxc4 Nd5 54. Be2 Nxb4 55. Kc3 a3 56. Kb3 a2 57. Kb2 Kc5 0-1

[Event "Bayern-chTT (RL Nord-West)"]
[Site "Bayern 2008/09"]
[Date "2009.03.29"]
[Round "9.2"]
[White "Ruettinger, Johannes"]
[Black "Kuhn, Norbert"]
[Result "0-1"]
[WhiteElo "2146"]
[BlackElo "2084"]
[PlyCount "82"]
[EventDate "2009.03.??"]
[EventType "team-tourn"]
[EventRounds "9"]
[WhiteTeam "Bindlach 2"]
[BlackTeam "Würzburg 2"]

1. c4 Nf6 2. g3 e6 3. Bg2 d5 4. Nf3 Be7 5. O-O O-O 6. Qc2 c5 7. cxd5 exd5 8. d4
Nc6 9. dxc5 Bg4 10. Be3 d4 11. Rd1 dxe3 12. Rxd8 exf2+ 13. Kxf2 Raxd8 14. Nbd2
Rfe8 15. Nb3 Bh5 16. Kg1 Bg6 17. Qc4 Nd5 18. e4 Ne3 19. Qe2 Nxg2 20. Kxg2 Bf6
21. Nbd2 Bxb2 22. Rb1 Nd4 23. Nxd4 Bxd4 24. Rc1 Rc8 25. h4 h5 26. Kf3 Bxc5 27.
Qb5 b6 28. Re1 Bd4 29. Nc4 Re6 30. Qd5 Bf6 31. e5 Be7 32. Re3 Bf5 33. Kg2 Rec6
34. Na3 Be6 35. Qe4 Bxa3 36. Rxa3 Rc2+ 37. Kf1 Rd2 38. Re3 Rc1+ 39. Re1 Rcc2
40. Qa8+ Kh7 41. Qe4+ g6 0-1

[Event "Bayern-chTT (RL Nord-West)"]
[Site "Bayern 2008/09"]
[Date "2009.03.29"]
[Round "9.3"]
[White "Gehlert, Klaus"]
[Black "Oehrlein, Alexander"]
[Result "1/2-1/2"]
[WhiteElo "2069"]
[BlackElo "2076"]
[PlyCount "28"]
[EventDate "2009.03.??"]
[EventType "team-tourn"]
[EventRounds "9"]
[WhiteTeam "Würzburg 2"]
[BlackTeam "Bindlach 2"]

1. d4 Nf6 2. c4 c5 3. d5 b5 4. cxb5 a6 5. bxa6 Bxa6 6. Nc3 g6 7. e4 Bxf1 8.
Kxf1 d6 9. Nf3 Bg7 10. h3 O-O 11. Kg1 Qa5 12. Kh2 Nbd7 13. Re1 Rfb8 14. Re2 Ne8
1/2-1/2

[Event "Bayern-chTT (RL Nord-West)"]
[Site "Bayern 2008/09"]
[Date "2009.03.29"]
[Round "9.4"]
[White "Heimerdinger, Joerg"]
[Black "Vogt, Thomas(67)"]
[Result "1/2-1/2"]
[WhiteElo "2022"]
[BlackElo "1895"]
[PlyCount "98"]
[EventDate "2009.03.??"]
[EventType "team-tourn"]
[EventRounds "9"]
[WhiteTeam "Bindlach 2"]
[BlackTeam "Würzburg 2"]

1. e4 e5 2. Nf3 Nc6 3. Bb5 a6 4. Ba4 d6 5. c3 Bd7 6. O-O Nge7 7. d4 Ng6 8. Be3
Be7 9. h3 h6 10. Bc2 Bg5 11. Qd2 Bxe3 12. Qxe3 O-O 13. Nbd2 Qf6 14. Rad1 Nf4
15. Kh2 Rad8 16. Rfe1 Qg6 17. Nh4 Qg5 18. Ndf3 Qf6 19. Nf5 Rfe8 20. g3 Ng6 21.
Qd2 Nce7 22. Nxe7+ Rxe7 23. Ng1 Ree8 24. a4 Bc8 25. Rf1 d5 26. dxe5 Nxe5 27.
exd5 Bf5 28. b3 Bxc2 29. Qxc2 g6 30. f4 Nd7 31. c4 Re3 32. Rde1 Rde8 33. Rxe3
Rxe3 34. Rf3 Qe7 35. Kg2 Nc5 36. Kf2 Nd3+ 37. Qxd3 Rxd3 38. Rxd3 Qe4 39. Re3
Qc2+ 40. Ne2 Kg7 41. g4 Kf8 42. Kf3 Qd1 43. Ke4 Qc2+ 44. Kf3 Qd1 45. Ke4 Ke7
46. Nd4 Kd6 47. f5 Kc5 48. Rd3 Qe1+ 49. Re3 Qd1 1/2-1/2

[Event "Bayern-chTT (RL Nord-West)"]
[Site "Bayern 2008/09"]
[Date "2009.03.29"]
[Round "9.7"]
[White "Drewes, Thomas"]
[Black "Herrmann, Michael(85)"]
[Result "1-0"]
[WhiteElo "1726"]
[BlackElo "1760"]
[PlyCount "55"]
[EventDate "2009.03.??"]
[EventType "team-tourn"]
[EventRounds "9"]
[WhiteTeam "Würzburg 2"]
[BlackTeam "Bindlach 2"]

1. d4 d5 2. Bf4 e6 3. e3 Nf6 4. Nf3 Be7 5. Bd3 O-O 6. h3 Nbd7 7. O-O b6 8. Nbd2
Bb7 9. Ne5 Ne4 10. c3 f5 11. Ndf3 Nef6 12. Ng5 Nxe5 13. dxe5 Ne4 14. Nxe6 Qd7
15. Nxf8 Rxf8 16. Qe2 Qe6 17. c4 c6 18. cxd5 cxd5 19. a3 Qg6 20. Rac1 d4 21. f3
Ng3 22. Bxg3 Qxg3 23. exd4 Bg5 24. Qf2 Qxf2+ 25. Kxf2 Bxc1 26. Rxc1 Rd8 27. Rc7
Rxd4 28. Ke3 1-0

[Event "Bayern-chTT (RL Nord-West)"]
[Site "Bayern 2008/09"]
[Date "2009.03.29"]
[Round "9.8"]
[White "Michel, Peter(41)"]
[Black "Helgert, Johannes"]
[Result "1/2-1/2"]
[WhiteElo "1758"]
[BlackElo "1688"]
[PlyCount "38"]
[EventDate "2009.03.??"]
[EventType "team-tourn"]
[EventRounds "9"]
[WhiteTeam "Bindlach 2"]
[BlackTeam "Würzburg 2"]

1. e4 e6 2. d4 d5 3. Nd2 Nf6 4. e5 Nfd7 5. Ngf3 c5 6. c3 Nc6 7. Be2 cxd4 8.
cxd4 f6 9. exf6 Nxf6 10. O-O Bd6 11. Re1 O-O 12. Nf1 e5 13. dxe5 Nxe5 14. Bg5
Be6 15. Rc1 Nc6 16. Ng3 Qd7 17. Bb5 Rac8 18. Ne5 Bxe5 19. Rxe5 Ng4 1/2-1/2

[Event "Bayern-chTT (RL Nord-West)"]
[Site "Bayern 2008/09"]
[Date "2009.03.29"]
[Round "9.1"]
[White "Breithut, Kurt-Georg"]
[Black "Lorenz, Mark"]
[Result "0-1"]
[WhiteElo "2129"]
[BlackElo "2248"]
[PlyCount "98"]
[EventDate "2009.03.??"]
[EventType "team-tourn"]
[EventRounds "9"]
[WhiteTeam "Bamberg-SC 2"]
[BlackTeam "Marktleuthen 1"]

1. e4 d6 2. d4 Nf6 3. Nc3 g6 4. Bg5 h6 5. Bh4 Bg7 6. e5 Nh5 7. Nf3 g5 8. Bg3
Nxg3 9. hxg3 g4 10. Nh4 dxe5 11. d5 c6 12. dxc6 Qxd1+ 13. Rxd1 Nxc6 14. Nd5 Rb8
15. c3 e6 16. Ne3 h5 17. Be2 b5 18. a3 a5 19. f3 b4 20. axb4 axb4 21. Rd6 bxc3
22. Rxc6 cxb2 23. Rxc8+ Rxc8 24. Kd2 Ke7 25. Nc4 Rhd8+ 26. Kc2 e4 27. fxg4 hxg4
28. Rb1 Rc7 29. Rxb2 Bxb2 30. Kxb2 Kf6 31. Kc3 Kg5 32. Kc2 Rd5 33. Kb3 Rd3+ 34.
Bxd3 exd3 35. Nd2 f5 36. Nhf3+ gxf3 37. gxf3 Rc1 38. Kb4 Rc2 39. f4+ Kg4 40.
Nf1 Kf3 41. g4 fxg4 42. f5 exf5 43. Kb3 f4 44. Nh2+ Rxh2 45. Kc3 Re2 46. Kd4 d2
47. Kc3 d1=Q 48. Kb4 Rc2 49. Ka3 Qb1 0-1

[Event "Bayern-chTT (RL Nord-West)"]
[Site "Bayern 2008/09"]
[Date "2009.03.29"]
[Round "9.2"]
[White "Heinz, Thomas(81)"]
[Black "Schwalbe, Gerhard"]
[Result "1/2-1/2"]
[WhiteElo "2040"]
[BlackElo "2032"]
[PlyCount "69"]
[EventDate "2009.03.??"]
[EventType "team-tourn"]
[EventRounds "9"]
[WhiteTeam "Marktleuthen 1"]
[BlackTeam "Bamberg-SC 2"]

1. e4 c5 2. Nc3 Nc6 3. g3 d6 4. Bg2 Bd7 5. d3 g6 6. Be3 Bg7 7. Qd2 Nd4 8. Nd1
Qb6 9. c3 Nc6 10. f4 Rc8 11. h3 h5 12. Nf3 Qa5 13. O-O e6 14. Ng5 Nge7 15. Qf2
Nd8 16. Bd2 Qc7 17. Ne3 b5 18. Rae1 f6 19. Nf3 e5 20. Nh4 O-O 21. Nd5 Nxd5 22.
exd5 Kh7 23. f5 g5 24. Ng6 Re8 25. Qf3 Kh6 26. Re4 Kh7 27. Qxh5+ Kg8 28. Bxg5
Nf7 29. Be3 Nh8 30. Nxh8 Bxh8 31. Rh4 Bg7 32. Qh7+ Kf8 33. Rg4 Re7 34. Bh6 Be8
35. Qh8+ 1/2-1/2

[Event "Bayern-chTT (RL Nord-West)"]
[Site "Bayern 2008/09"]
[Date "2009.03.29"]
[Round "9.3"]
[White "Saring, Christoph Dr"]
[Black "Wilfert, Andre"]
[Result "1/2-1/2"]
[WhiteElo "2005"]
[BlackElo "2009"]
[PlyCount "30"]
[EventDate "2009.03.??"]
[EventType "team-tourn"]
[EventRounds "9"]
[WhiteTeam "Bamberg-SC 2"]
[BlackTeam "Marktleuthen 1"]

1. d4 f5 2. Nc3 g6 3. Bf4 Nf6 4. Qd2 Bg7 5. Bh6 O-O 6. Bxg7 Kxg7 7. f3 d6 8. e4
fxe4 9. fxe4 e5 10. dxe5 dxe5 11. Qxd8 Rxd8 12. Nf3 Nc6 13. Bb5 Nd4 14. Bd3
Nxf3+ 15. gxf3 c6 1/2-1/2

[Event "Bayern-chTT (RL Nord-West)"]
[Site "Bayern 2008/09"]
[Date "2009.03.29"]
[Round "9.4"]
[White "Kirschneck, Toralf"]
[Black "Denk, Stefan(79)"]
[Result "1-0"]
[WhiteElo "2050"]
[BlackElo "1963"]
[PlyCount "101"]
[EventDate "2009.03.??"]
[EventType "team-tourn"]
[EventRounds "9"]
[WhiteTeam "Marktleuthen 1"]
[BlackTeam "Bamberg-SC 2"]

1. d4 e6 2. c4 Nf6 3. Nc3 c5 4. e3 cxd4 5. exd4 d5 6. Nf3 Be7 7. Bd3 dxc4 8.
Bxc4 O-O 9. O-O Nc6 10. Re1 a6 11. h3 b5 12. Bd3 Bb7 13. Be3 Nb4 14. Bb1 Rc8
15. Ne5 Nbd5 16. Ne2 Nd7 17. Qd3 g6 18. Nf3 N7b6 19. Bh6 Re8 20. Ng3 Nb4 21.
Qe2 Bxf3 22. Qxf3 Qxd4 23. Bf4 Nc4 24. Be4 Qxb2 25. a3 Nd5 26. Bxd5 exd5 27.
Qxd5 Qf6 28. Qd7 Qxf4 29. Rxe7 Red8 30. Qb7 Ne5 31. Qxa6 Rc2 32. Qa7 Nd3 33.
Rf1 Nxf2 34. Ne2 Nxh3+ 35. gxh3 Qg5+ 36. Kh2 Qh5 37. Qf2 f5 38. Rc1 Rd3 39. Qg2
Rxh3+ 40. Qxh3 Rxe2+ 41. Rxe2 Qxe2+ 42. Qg2 Qe5+ 43. Kh1 f4 44. Qf3 g5 45. Rd1
Kg7 46. Qd5 Kf6 47. Qxe5+ Kxe5 48. Rb1 g4 49. Rxb5+ Ke4 50. a4 Kf3 51. Kg1 1-0

[Event "Bayern-chTT (RL Nord-West)"]
[Site "Bayern 2008/09"]
[Date "2009.03.29"]
[Round "9.5"]
[White "Bucka, Reinhard"]
[Black "Nuernberger, Stefan"]
[Result "1/2-1/2"]
[WhiteElo "1971"]
[BlackElo "2051"]
[PlyCount "55"]
[EventDate "2009.03.??"]
[EventType "team-tourn"]
[EventRounds "9"]
[WhiteTeam "Bamberg-SC 2"]
[BlackTeam "Marktleuthen 1"]

1. c4 g6 2. Nf3 Bg7 3. g3 Nf6 4. Bg2 O-O 5. O-O d6 6. d4 Nbd7 7. Nc3 e5 8. b3
Re8 9. Bb2 c6 10. Qd2 e4 11. Ne1 d5 12. Nc2 Nf8 13. f3 Bf5 14. f4 Qd7 15. Rac1
Rad8 16. cxd5 cxd5 17. Ne3 Bh3 18. Rc2 Bxg2 19. Kxg2 Ne6 20. Na4 b6 21. f5 Nc7
22. Qc3 Nb5 23. Qc6 Rc8 24. Qxd7 Nxd7 25. fxg6 hxg6 26. Rfc1 Rxc2 27. Rxc2 Bxd4
28. Nxd5 1/2-1/2

[Event "Bayern-chTT (RL Nord-West)"]
[Site "Bayern 2008/09"]
[Date "2009.03.29"]
[Round "9.6"]
[White "Kuespert, Helmut"]
[Black "Weinberg, Wladimir"]
[Result "0-1"]
[WhiteElo "1940"]
[BlackElo "1923"]
[PlyCount "78"]
[EventDate "2009.03.??"]
[EventType "team-tourn"]
[EventRounds "9"]
[WhiteTeam "Marktleuthen 1"]
[BlackTeam "Bamberg-SC 2"]

1. e4 d6 2. d4 Nf6 3. Nc3 g6 4. f3 c6 5. Be3 Bg7 6. Qd2 Qa5 7. g3 Nbd7 8. Bg2
O-O 9. Nge2 b5 10. O-O b4 11. Nd1 c5 12. Nf2 Nb6 13. Qd1 Nc4 14. Bc1 Ba6 15.
Re1 Rac8 16. c3 bxc3 17. bxc3 Rb8 18. Qc2 Rfc8 19. d5 Na3 20. Bxa3 Qxa3 21.
Rab1 Rb6 22. Rxb6 axb6 23. Rb1 Rb8 24. Nd1 Nd7 25. Rb3 Qa5 26. Bf1 Bc4 27. Rb2
Ne5 28. f4 Bd3 29. Qc1 Nc4 30. Rb1 Bxe4 31. Ra1 Bxd5 32. a4 Be6 33. Ne3 Nxe3
34. Qxe3 b5 35. Bg2 b4 36. Rb1 Qxa4 37. cxb4 cxb4 38. Bf3 b3 39. Nc3 Qd4 0-1

[Event "Bayern-chTT (RL Nord-West)"]
[Site "Bayern 2008/09"]
[Date "2009.03.29"]
[Round "9.8"]
[White "Kuespert, Sven"]
[Black "Buecker, Florian"]
[Result "1/2-1/2"]
[WhiteElo "1737"]
[BlackElo "1685"]
[PlyCount "97"]
[EventDate "2009.03.??"]
[EventType "team-tourn"]
[EventRounds "9"]
[WhiteTeam "Marktleuthen 1"]
[BlackTeam "Bamberg-SC 2"]

1. c4 e6 2. d4 Nf6 3. Nf3 d5 4. Bg5 Be7 5. Nc3 O-O 6. e3 b6 7. cxd5 Nxd5 8.
Nxd5 exd5 9. Bxe7 Qxe7 10. Bd3 Nc6 11. Rc1 Nb4 12. Bb1 Bb7 13. a3 Na6 14. O-O
c5 15. dxc5 bxc5 16. h4 g6 17. h5 Rfd8 18. Qd3 Qf6 19. hxg6 hxg6 20. b3 d4 21.
e4 Nc7 22. Rfe1 Ba6 23. Qd2 Qb6 24. Ba2 Rac8 25. b4 cxb4 26. axb4 Nb5 27. Ne5
Rf8 28. Qh6 Rxc1 29. Rxc1 Nc3 30. Rxc3 dxc3 31. Nxg6 Qf6 32. Qxf8+ Kh7 33. Bb1
Qxg6 34. Qc5 Bb7 35. Qxc3 Bxe4 36. Bxe4 Qxe4 37. Qh3+ Kg6 38. Qg3+ Kf6 39. Qd6+
Kf5 40. Qd7+ Kg6 41. Qd6+ Kg5 42. Qc5+ Kf6 43. Qc3+ Kf5 44. Qd2 Ke5 45. Qb2+
Qd4 46. Qb1 Kd6 47. Qe1 Kd7 48. Qb1 Kc6 49. Qb3 1/2-1/2